000 00673nam a22002417a 4500
003 UA-OsUOA
001 45141
007 ta
008 20110927b un ||||| |||| 00| 0 ukr d
100 _aДойль К.
090 _a09.-82-3
_bД62
942 _cBK
040 _aUA-OsUOA
_bukr
_cUA-OsUOA
_dUA-OsUOA
245 _aКровавий шлях (Шерльок Гольмс)
300 _a112 с.
955 _a3
041 _aukr
080 _a09.-82-3
260 _aЕдмонтон
650 7 _a0 Загальний відділ.
_2UDC
999 _c425246
_d425246